Your name (Titelsatznr. 1272)

[ MARC ]
MARC-Details
000 -LEADER
fixed length control field 01088nam a22003252cc4500
001 - CONTROL NUMBER
control field 1850132917
003 - CONTROL NUMBER IDENTIFIER
control field DE-627
005 - DATE AND TIME OF LATEST TRANSACTION
control field 20250527121416.0
007 - PHYSICAL DESCRIPTION FIXED FIELD--GENERAL INFORMATION
fixed length control field tu
008 - FIXED-LENGTH DATA ELEMENTS--GENERAL INFORMATION
fixed length control field 230615s2018 gw ||||| 00| ||ger c
020 ## - INTERNATIONAL STANDARD BOOK NUMBER
International Standard Book Number 9783770497485
Terms of availability : : EUR 7.50
035 ## - SYSTEM CONTROL NUMBER
System control number (DE-627)1850132917
035 ## - SYSTEM CONTROL NUMBER
System control number (DE-599)KXP1850132917
040 ## - CATALOGING SOURCE
Original cataloging agency DE-627
Language of cataloging ger
Transcribing agency DE-627
Description conventions rda
041 ## - LANGUAGE CODE
Language code of text/sound track or separate title ger
Language code of original jpn
044 ## - COUNTRY OF PUBLISHING/PRODUCING ENTITY CODE
ISO country code XA-DE
100 1# - MAIN ENTRY--PERSONAL NAME
Personal name Shinkai, Makoto
Dates associated with a name 1973-
Relator term VerfasserIn
Authority record control number or standard number (DE-588)139372415
-- (DE-627)610261134
-- (DE-576)311427529
Relationship aut
245 10 - TITLE STATEMENT
Title Your name
Number of part/section of a work 3
Statement of responsibility, etc. Autor: Makoto Shinkai ; Art: Ranmaru Kotone
250 ## - EDITION STATEMENT
Edition statement Deutschsprachige Ausgabe, 1. Auflage
264 #1 - PRODUCTION, PUBLICATION, DISTRIBUTION, MANUFACTURE, AND COPYRIGHT NOTICE
Place of production, publication, distribution, manufacture Berlin
Name of producer, publisher, distributor, manufacturer Egmont Manga
Date of production, publication, distribution, manufacture, or copyright notice 2018
300 ## - PHYSICAL DESCRIPTION
Extent 156 Seiten
336 ## - CONTENT TYPE
Content type term unbewegtes Bild
Content type code sti
Source rdacontent
337 ## - MEDIA TYPE
Media type term ohne Hilfsmittel zu benutzen
Media type code n
Source rdamedia
338 ## - CARRIER TYPE
Carrier type term Band
Carrier type code nc
Source rdacarrier
500 ## - GENERAL NOTE
General note Hier auch später erschienene, unveränderte Nachdrucke
951 ## - EQUIVALENCE OR CROSS-REFERENCE--GEOGRAPHIC NAME/AREA NAME [OBSOLETE] [CAN/MARC only]
Geographic name MV
700 1# - ADDED ENTRY--PERSONAL NAME
Personal name Peter, Claudia
Relator term ÜbersetzerIn
Relationship trl
773 18 - HOST ITEM ENTRY
Record control number (DE-627)1565950844
-- (DE-576)49595084X
Related parts 3
Enumeration and first page 3
Control subfield nnam
942 ## - ADDED ENTRY ELEMENTS (KOHA)
Source of classification or shelving scheme Dewey Decimal Classification
Koha item type Manga
Suppress in OPAC No
Exemplare
Withdrawn status Lost status Source of classification or shelving scheme Damaged status Not for loan Home library Current library Shelving location Date acquired Total checkouts Barcode Date last seen Price effective from Koha item type
    Dewey Decimal Classification     Bunte Manga Potsdam Bunte Manga Potsdam Romance Hetero 05/27/2025   1260 05/27/2025 05/27/2025 Manga

Powered by Koha